Best Players to Ever Wear a Wizards Jersey - Statistics

General Stats
  • This quiz has been taken 4 times
  • The average score is 6 of 20
Answer Stats
Hint Answer % Correct
1. Michael Jordan
100%
13. Gilbert Arenas
75%
14. John Wall
75%
7. Wes Unseld
75%
15. Bradley Beal
50%
5. Elvin Hayes
50%
20. Khris Middleton
50%
6. Ben Wallace
25%
8. Chris Webber
25%
11. Dave Bing
25%
9. Rasheed Wallace
25%
4. Russell Westbrook
25%
10. Bernard King
0%
17. Bob Dandridge
0%
3. Dwight Howard
0%
18. Earl Monroe
0%
19. Gus Williams
0%
2. Moses Malone
0%
12. Spencer Haywood
0%
16. Walt Bellamy
0%
No matching quizzes found
Score Distribution
Percent of People with Each Score
Percentile by Number Answered
Your Score History
You have not taken this quiz